africa flags #1 - Statistics

General Stats
  • This quiz has been taken 35 times
  • The average score is 13 of 16
Answer Stats
Picture Answer % Correct
Egypt
100%
Algeria
95%
Angola
95%
Democratic Republlic of the Congo
89%
Botswana
84%
Central African Republic
84%
Cameroon
79%
Comoros
79%
Eritrea
79%
Eswatini
79%
Benin
74%
Burkina Faso
74%
Burundi
68%
Cape Verde
68%
Equatorial Guinea
63%
Djibouti
58%
No matching quizzes found
Score Distribution
Percent of People with Each Score
Percentile by Number Answered
Your Score History
You have not taken this quiz